LEADER 00852nam0-22002891i-450- 001 990000409380403321 005 20001010 035 $a000040938 035 $aFED01000040938 035 $a(Aleph)000040938FED01 035 $a000040938 100 $a20001010d--------km-y0itay50------ba 101 0 $aita 105 $ay-------001yy 200 1 $aDifferential and Difference Equations through Computer Experiments$fHuseyin Kocak 205 $a2° ed. 210 $aNew York$cSpringer-Verlag$ds.d. 215 $aXVII, 111 p., ill., 21 cm 700 1$aKocak,$bHüseyin$0340434 801 0$aIT$bUNINA$gRICA$2UNIMARC 901 $aBK 912 $a990000409380403321 952 $a04 013-332$bingr. 3152$fDINCH 959 $aDINCH 996 $aDifferential and difference equations through computer experiments$934106 997 $aUNINA DB $aING01 LEADER 01126nam a2200265 i 4500 001 991000391479707536 005 20020506125944.0 008 010108s1998 it ||| | ita 020 $a8876943439 035 $ab1069352x-39ule_inst 035 $aEXGIL144718$9ExL 040 $aDip.to Filol. Ling. e Lett.$bita 100 1 $aTelmon, Tullio$0174005 245 10$aTra il dire e il fare :$baspetti sociocomunicativi della competenza gestuale :$bcorso di dialettologia italiana dell'anno accademico 1996-97 /$cTullio Telmon ; elaborazione informatica dei dati di Alessandro Penna a cura di Luca Alladio ... [et al.] 250 $aParte prima 260 $a[Torino] :$bEdizioni dell'0rso,$c[c1998] 300 $a129 p. :$bill. ;$c24 cm. 490 0 $aCorsi universitari ;$v17 700 1 $aAlladio, Luca 907 $a.b1069352x$b23-02-17$c28-06-02 912 $a991000391479707536 945 $aLE008 FL.M. SCL C 104$g1$i2008000023904/P92$lle008$o-$pE0.00$q-$rl$s- $t0$u0$v0$w0$x0$y.i10787689$z28-06-02 996 $aTra il dire e il fare$9908618 997 $aUNISALENTO 998 $ale008$b01-01-01$cm$da $e-$fita$git $h0$i1 LEADER 02649nam 2200601 a 450 001 9910781598903321 005 20230328170732.0 010 $a1-283-32826-7 010 $a9786613328267 010 $a90-272-7825-3 035 $a(CKB)2550000000064092 035 $a(EBL)795699 035 $a(OCoLC)769341881 035 $a(SSID)ssj0000994320 035 $a(PQKBManifestationID)11533741 035 $a(PQKBTitleCode)TC0000994320 035 $a(PQKBWorkID)10961483 035 $a(PQKB)10652472 035 $a(MiAaPQ)EBC795699 035 $a(Au-PeEL)EBL795699 035 $a(CaPaEBR)ebr10509483 035 $a(EXLCZ)992550000000064092 100 $a19891027d1990 uy 0 101 0 $aeng 135 $aur|n|---||||| 181 $ctxt$2rdacontent 182 $cc$2rdamedia 183 $acr$2rdacarrier 200 00$aHistory from below $ethe 'Vocabulary of Elisabethville' by Andre? Yav : text, translations, and interpretive essay /$fedited, translated and commented by Johannes Fabian with assistance from Kalundi Mango ; with linguistic notes by W. Schicho 210 1$aAmsterdam ;$aPhiladelphia :$cJ. Benjamins Pub. Co.,$d1990. 215 $a1 online resource (245 pages) $cmaps 225 1 $aCreole lanaguage library,$x0920-9026 ;$v7 300 $aIncludes Swahili, Shaba, Swahili, and English text. 311 0 $a90-272-5227-0 320 $aIncludes bibliographical references (p. [231]-236). 327 $apt. 1. The document -- pt. 2. Translations -- pt. 3. Interpretations. 330 $aJohannes Fabian with assistance from Kalundi Mango (Administrator, National Museum of Zaire) and with linguistic notes by Walter Schicho (University of Vienna).An extraordinary linguistic and sociopolitical document, this is a history of colonization written by the colonized, about the colonized, and for the colonized. The original text, a history of what is now Lubumbashi in the Shaba region of Zaire, is reproduced in exact facsimile in Part 1. The period covered is from the beginning of Belgian colonization to 1965. 410 0$aCreole language library ;$v7. 606 $aSwahili language$xDialects$zCongo (Democratic Republic)$zLubumbashi 607 $aLubumbashi (Congo)$xHistory 615 0$aSwahili language$xDialects 676 $a496/.3927 701 $aFabian$b Johannes$0143955 701 $aMango$b Kalundi$f1919-$01517541 701 $aSchicho$b Walter$0659543 701 2$aYav$b Andre?$01517542 801 0$bMiAaPQ 801 1$bMiAaPQ 801 2$bMiAaPQ 906 $aBOOK 912 $a9910781598903321 996 $aHistory from below$93754669 997 $aUNINA